00732nam a2200241 a 45000010008000000030004000080050017000120080041000290100017000700200016000870400006001030420014001090500021001232450088001442460030002322600066002623000029003284400028003576500031003856530016004167000020004327000038004524442383OSt20160709105925.0940713s1989 enk d 000 0 eng d a 94182553  a0140511199  c0 alccopycat00aQA 5 .P4425 198904aThe Penguin dictionary of mathematics /c[edited by] John Daintith and R.D. Nelson.30aDictionary of mathematics aLondon, England ;aNew York, NY, USA :bPenguin Books,c1989. a350 p. :bill. ;c20 cm. 0aPenguin reference books 0aMathematicsxDictionaries.0 aMathematics1 aDaintith, John.1 aNelson, R. D.q(R. David),d1938-